000 00414nam a2200157Ia 4500
008 160316s1961 xxu||||| |||| 00| 0 eng d
082 _a428.000000
_bBER-2
100 _aBerry Thomas Elliott
245 _aThe most common mistakes in english usage
250 _a
260 _aNew Delhi
_bTata McGraw-Hill Co.
_c1961
300 _a146p
_b20 cm
_cvi
365 _bRs.21
650 _a1.English Language
700 _a
_a
999 _c338
_d338